[Event "BL 9091 München 36-Heidelberg"]
[Site "?"]
[Date "1990.??.??"]
[Round "?.5"]
[White "Pirrot, D."]
[Black "Enders, P."]
[Result "0-1"]
[WhiteElo "2355"]
[BlackElo "2495"]
[PlyCount "98"]
[EventDate "1990.??.??"]

1. e4 c5 2. c3 Nf6 3. e5 Nd5 4. d4 cxd4 5. Nf3 Nc6 6. Bc4 Nb6 7. Bb3 d5 8. exd6
Qxd6 9. O-O Be6 10. Na3 Bxb3 11. Qxb3 e6 12. Rd1 d3 13. Nb5 Qd7 14. c4 Rd8 15.
Bf4 Bc5 16. Ne1 Nd4 17. Nxd4 Bxd4 18. Rxd3 Qa4 19. Rad1 Qxb3 20. axb3 Bf6 21.
Be5 Rxd3 22. Nxd3 Bxe5 23. Nxe5 Ke7 24. f4 Rc8 25. Kf2 Rc7 26. Ke3 Nd7 27. Nd3
Nc5 28. Nxc5 Rxc5 29. Kd4 Rh5 30. h3 g5 31. Ke3 h6 32. Ra1 a6 33. Rd1 Rh4 34.
fxg5 hxg5 35. Kf3 f5 36. Rd2 Rf4+ 37. Ke3 Re4+ 38. Kf3 Re1 39. Kf2 Rb1 40. Ke3
e5 41. c5 a5 42. Kf3 e4+ 43. Ke3 Re1+ 44. Kd4 e3 45. Rc2 f4 46. Ke4 Rf1 47. Kd3
Kd7 48. g3 Rf2 49. Rc1 e2 0-1

[Event "BL 9091 München 36-Heidelberg"]
[Site "?"]
[Date "1990.??.??"]
[Round "?.6"]
[White "Bastian, H."]
[Black "Weber, M."]
[Result "1-0"]
[WhiteElo "2335"]
[BlackElo "2330"]
[PlyCount "79"]
[EventDate "1990.??.??"]

1. e4 c5 2. Nc3 e6 3. g3 Nc6 4. Bg2 Nf6 5. f4 d5 6. e5 Nd7 7. Nf3 a6 8. O-O Be7
9. d3 b5 10. a3 Bb7 11. f5 b4 12. fxe6 fxe6 13. Ne2 Ndxe5 14. Nxe5 Nxe5 15. Nf4
Qd6 16. axb4 cxb4 17. d4 Nf7 18. Qg4 e5 19. Ne6 g6 20. Ng7+ Kf8 21. Ne6+ Kg8
22. Nc5 Bc6 23. Qf3 Rf8 24. Rxa6 exd4 25. Nd3 Qd7 26. Qf4 Nd6 27. Qxd4 Rxf1+
28. Kxf1 Nf5 29. Qe5 Bd6 30. Bxd5+ Bxd5 31. Qxd5+ Kg7 32. Bf4 Rf8 33. Kg2 Qe7
34. Rxd6 Qe2+ 35. Nf2 Nxd6 36. Qxd6 Qxc2 37. Bh6+ Kxh6 38. Qxf8+ Kh5 39. g4+
Kg5 40. h4+ 1-0

[Event "BL 9091 München 36-Heidelberg"]
[Site "?"]
[Date "1990.??.??"]
[Round "?.7"]
[White "Grathwohl, R."]
[Black "Roese, O."]
[Result "0-1"]
[WhiteElo "2320"]
[BlackElo "2385"]
[PlyCount "60"]
[EventDate "1990.??.??"]

1. Nf3 Nf6 2. b3 g6 3. Bb2 Bg7 4. e3 c5 5. c4 O-O 6. Be2 d6 7. O-O b6 8. d4 e6
9. Nc3 Bb7 10. dxc5 bxc5 11. Qc2 Nc6 12. Rad1 Qe7 13. Nd2 Ne8 14. Na4 Bxb2 15.
Qxb2 f5 16. f4 Nf6 17. Bf3 e5 18. Rfe1 Rae8 19. Qb1 Qg7 20. Nf1 exf4 21. Rxd6
Qc7 22. Rdd1 Ne4 23. Bxe4 fxe4 24. exf4 Qxf4 25. Qb2 e3 26. Re2 Nd4 27. Nxc5
Nxe2+ 28. Qxe2 Qf2+ 29. Qxf2 exf2+ 30. Kh1 Re1 0-1

[Event "BL 9091 Frankfurt-München 36"]
[Site "?"]
[Date "1990.??.??"]
[Round "?.2"]
[White "Lobron, E."]
[Black "Ftacnik, L."]
[Result "1/2-1/2"]
[WhiteElo "2535"]
[BlackElo "2550"]
[PlyCount "100"]
[EventDate "1990.??.??"]

1. d4 Nf6 2. c4 g6 3. Nc3 d5 4. Nf3 Bg7 5. cxd5 Nxd5 6. e4 Nxc3 7. bxc3 c5 8.
Rb1 O-O 9. Be2 Nc6 10. d5 Ne5 11. Nxe5 Bxe5 12. Qd2 b6 13. O-O e6 14. Bc4 Bg7
15. a4 Qf6 16. Bb2 Bd7 17. Bb3 e5 18. c4 Qd6 19. Qc3 Rae8 20. Rbe1 Re7 21. f3
f5 22. Qc2 a5 23. Qd2 f4 24. Bc3 Bf6 25. Rb1 Rg7 26. Bd1 Bd8 27. g4 h5 28. h3
Rh7 29. Qb2 Bc7 30. Rf2 Kf7 31. Kf1 hxg4 32. hxg4 Rfh8 33. Ke2 Rh3 34. Bc2 Rg3
35. Rbf1 Rhh3 36. Be1 Qf6 37. Kd2 Rh8 38. Bd1 Rgh3 39. Kc1 Rh1 40. Qe2 R1h3 41.
Rg2 Qe7 42. Kb2 Qe8 43. Ka3 R8h6 44. Bb3 Qh8 45. Bc3 Rh2 46. Rxh2 Rxh2 47. Rf2
Rxf2 48. Qxf2 Qh1 49. Kb2 Ke7 50. Be1 g5 1/2-1/2

[Event "BL 9091 Frankfurt-München 36"]
[Site "?"]
[Date "1990.??.??"]
[Round "?.3"]
[White "Espig, L."]
[Black "Gutman, L."]
[Result "1-0"]
[WhiteElo "2505"]
[BlackElo "2450"]
[PlyCount "97"]
[EventDate "1990.??.??"]

1. Nf3 Nf6 2. c4 g6 3. b4 Bg7 4. Bb2 O-O 5. e3 c6 6. Be2 Qb6 7. Qb3 a5 8. b5 a4
9. Qc2 d6 10. Na3 Bf5 11. d3 Rc8 12. Rb1 cxb5 13. Bd4 Qa6 14. Rxb5 e5 15. Bc3
Bd7 16. Ra5 Qxa5 17. Bxa5 Rxa5 18. O-O Nc6 19. Rb1 Nd8 20. Qd2 Raa8 21. Nb5 Bf8
22. Nc3 Bc6 23. d4 e4 24. Ne1 Bd7 25. Nc2 h5 26. Nb4 Be6 27. Nbd5 Bxd5 28. Nxd5
Nxd5 29. cxd5 Rc7 30. Rc1 Rac8 31. Rxc7 Rxc7 32. a3 f5 33. Bb5 Be7 34. Bxa4 Nf7
35. h3 Kf8 36. Qb2 h4 37. Qb5 Bg5 38. Kf1 Re7 39. Qc4 f4 40. Qc8+ Kg7 41. Ke2
fxe3 42. fxe3 Nh6 43. Bd7 b6 44. Qc6 Rf7 45. Be6 Ra7 46. Qxd6 Be7 47. Qe5+ Bf6
48. Qxe4 Rxa3 49. d6 1-0

[Event "BL 9091 Frankfurt-München 36"]
[Site "?"]
[Date "1990.??.??"]
[Round "?.4"]
[White "Tischbierek, R."]
[Black "Gruenberg, HU."]
[Result "1/2-1/2"]
[WhiteElo "2495"]
[BlackElo "2500"]
[PlyCount "25"]
[EventDate "1990.??.??"]

1. e4 e6 2. d4 d5 3. Nc3 Nf6 4. Bg5 dxe4 5. Nxe4 Nbd7 6. Nf3 Be7 7. Nxf6+ Nxf6
8. Bb5+ Bd7 9. Bxd7+ Qxd7 10. O-O O-O 11. Qe2 Rad8 12. c3 c6 13. Rfe1 1/2-1/2

[Event "BL 9091 Frankfurt-München 36"]
[Site "?"]
[Date "1990.??.??"]
[Round "?.5"]
[White "Enders, P."]
[Black "Werner, D."]
[Result "1-0"]
[WhiteElo "2495"]
[BlackElo "2340"]
[PlyCount "81"]
[EventDate "1990.??.??"]

1. e4 e6 2. d4 d5 3. Nc3 Nf6 4. e5 Nfd7 5. f4 c5 6. Nf3 Nc6 7. Be3 a6 8. Be2 b5
9. a3 Qb6 10. Qd2 cxd4 11. Nxd4 Bc5 12. Rd1 O-O 13. Kf2 Nxd4 14. Bxd4 f6 15.
exf6 Rxf6 16. Ke1 Bb7 17. Rf1 Bxd4 18. Qxd4 Qc7 19. Kd2 Raf8 20. g3 Bc6 21. Kc1
Rb8 22. Bg4 Qb6 23. Rfe1 Qxd4 24. Rxd4 Nb6 25. Bxe6+ Kf8 26. f5 g6 27. g4 Re8
28. Rg1 Rfxe6 29. fxe6 Rxe6 30. g5 Re5 31. Rf4+ Ke7 32. b3 Bd7 33. Kd2 Bf5 34.
a4 bxa4 35. Nxa4 Nc8 36. Nc3 Nd6 37. Ra1 Ne4+ 38. Nxe4 dxe4 39. Ke3 a5 40. Rh4
Rc5 41. c4 1-0

[Event "BL 9091 Frankfurt-München 36"]
[Site "?"]
[Date "1990.??.??"]
[Round "?.6"]
[White "Kohlweyer, B."]
[Black "Bastian, H."]
[Result "1-0"]
[WhiteElo "2385"]
[BlackElo "2335"]
[PlyCount "85"]
[EventDate "1990.??.??"]

1. d4 Nf6 2. c4 g6 3. Nc3 Bg7 4. e4 d6 5. f3 O-O 6. Be3 a6 7. Qd2 b6 8. Bd3 c5
9. d5 e6 10. a4 Nbd7 11. Nh3 Ne5 12. Nf2 exd5 13. cxd5 Nxd3+ 14. Nxd3 Bd7 15.
O-O Qc7 16. Rac1 Rfe8 17. b4 Qb7 18. Rb1 c4 19. Ne1 b5 20. axb5 axb5 21. Nc2
Ra6 22. Rbe1 Rea8 23. g4 Be8 24. g5 Nd7 25. f4 Nb6 26. Bd4 Na4 27. Bxg7 Kxg7
28. Re2 Kg8 29. Kg2 Qd7 30. Kg3 Nxc3 31. Qxc3 Ra2 32. Rff2 Qa7 33. h4 Bd7 34.
Re3 Bc8 35. h5 gxh5 36. f5 Qe7 37. Kf4 h4 38. Qd4 Qd8 39. Rg2 Qe7 40. Rh3 Bd7
41. Rxh4 R8a3 42. Rgh2 Rxc2 43. Qh8+ 1-0

[Event "BL 9091 Frankfurt-München 36"]
[Site "?"]
[Date "1990.??.??"]
[Round "?.7"]
[White "Roese, O."]
[Black "Heyken, E."]
[Result "0-1"]
[WhiteElo "2385"]
[BlackElo "2415"]
[PlyCount "146"]
[EventDate "1990.??.??"]

1. e4 e6 2. d4 d5 3. Nc3 Bb4 4. e5 Qd7 5. Bd2 b6 6. Bb5 c6 7. Ba4 Ne7 8. Nce2
Bxd2+ 9. Qxd2 Qc7 10. c3 Nd7 11. Nf3 Ba6 12. O-O Ng6 13. Rfe1 f6 14. exf6 gxf6
15. Ng3 Kf7 16. Nh5 Rag8 17. Qh6 Qd6 18. Bc2 Qf8 19. Qe3 Qd6 20. a4 Bc8 21. b3
a5 22. c4 Re8 23. Bd3 Ndf8 24. cxd5 cxd5 25. Qh6 Rg8 26. Rac1 Bd7 27. Rc3 Rc8
28. Rec1 Rxc3 29. Rxc3 Qe7 30. Qc1 e5 31. dxe5 Nxe5 32. Bf1 Nfg6 33. Nd4 Ng4
34. Nf3 Qd6 35. h3 N4e5 36. Qh6 Nf8 37. Nxe5+ Qxe5 38. Re3 Qa1 39. Rf3 Rg6 40.
Qe3 Ne6 41. Qxb6 Nd4 42. Re3 Nf5 43. Rf3 Qc1 44. Rd3 Ne7 45. Qd8 Bf5 46. Re3
Be4 47. Ng3 f5 48. Nxe4 fxe4 49. Qxa5 Qd1 50. Rc3 Rf6 51. Qc7 d4 52. Rc1 Qd2
53. Rc2 Qd1 54. Qc4+ Kf8 55. Rc1 Qd2 56. Rc2 Qd1 57. Kh2 d3 58. Rc1 Qd2 59. f3
exf3 60. Qc3 Qf4+ 61. Kh1 fxg2+ 62. Bxg2 d2 63. Rd1 Rd6 64. Qh8+ Ng8 65. Qxh7
Re6 66. Rg1 Re1 67. Qd3 Nf6 68. Qd8+ Ne8 69. Qd3 Nf6 70. Qd8+ Re8 71. Qa5 Ne4
72. Bxe4 Qxe4+ 73. Kh2 Qf4+ 0-1

[Event "BL 9091 Frankfurt-München 36"]
[Site "?"]
[Date "1990.??.??"]
[Round "?.8"]
[White "Degenhardt, H."]
[Black "Goetz, R."]
[Result "1/2-1/2"]
[WhiteElo "2350"]
[BlackElo "2350"]
[PlyCount "100"]
[EventDate "1990.??.??"]

1. g3 c5 2. Bg2 Nc6 3. e4 e6 4. d3 d5 5. Nd2 Nge7 6. Ngf3 g6 7. O-O Bg7 8. c3
O-O 9. exd5 Nxd5 10. Nb3 b6 11. d4 Ba6 12. Re1 cxd4 13. Nbxd4 Nxd4 14. Nxd4 Qd7
15. h4 Rac8 16. h5 Nxc3 17. bxc3 Rxc3 18. Nb3 Rd3 19. Qg4 Rxb3 20. axb3 Bxa1
21. Ba3 Qd4 22. Qxd4 Bxd4 23. Bxf8 Kxf8 24. Rc1 Be2 25. Rc8+ Kg7 26. hxg6 hxg6
27. Bc6 a5 28. Rd8 Bc5 29. Be8 g5 30. Kg2 Bh5 31. Bb5 Kf6 32. Bc4 Bg6 33. Kf3
Ke5 34. Ke2 Kf6 35. f3 Ke7 36. Rd2 Bd6 37. g4 Bc5 38. Bb5 Kf6 39. Bc4 Ke5 40.
Rd7 Kf6 41. Bd3 Bg1 42. Kd2 Bc5 43. Rb7 Bd4 44. Bxg6 Kxg6 45. Kd3 Bf2 46. Kc4
f5 47. Kb5 Kf6 48. Kc4 Bc5 49. Kd3 Ke5 50. Rf7 Kf4 1/2-1/2

[Event "BL 9091 Heidelberg-Bayern"]
[Site "?"]
[Date "1990.??.??"]
[Round "?.2"]
[White "Neurohr, S."]
[Black "Ribli, Z."]
[Result "0-1"]
[WhiteElo "2350"]
[BlackElo "2610"]
[PlyCount "52"]
[EventDate "1990.??.??"]

1. d4 d5 2. c4 e6 3. Nc3 c6 4. Nf3 Nf6 5. Bg5 h6 6. Bh4 dxc4 7. e4 g5 8. Bg3 b5
9. Be2 Bb7 10. O-O Nbd7 11. d5 cxd5 12. exd5 Nxd5 13. Nxb5 a6 14. Nd6+ Bxd6 15.
Bxd6 N7b6 16. Qd4 Rg8 17. Bg3 Nf4 18. Qe5 f6 19. Qe3 Nbd5 20. Qe4 Nc3 21. Qxb7
Ncxe2+ 22. Kh1 Qd5 23. Qh7 O-O-O 24. Qa7 Qc6 25. Rfe1 Nd4 26. Bxf4 gxf4 0-1

[Event "BL 9091 Heidelberg-Bayern"]
[Site "?"]
[Date "1990.??.??"]
[Round "?.4"]
[White "Mack, P."]
[Black "Kindermann, S."]
[Result "0-1"]
[WhiteElo "2300"]
[BlackElo "2530"]
[PlyCount "88"]
[EventDate "1990.??.??"]

1. Nf3 g6 2. g3 Bg7 3. Bg2 Nf6 4. O-O O-O 5. d3 d5 6. Nbd2 d4 7. e4 dxe3 8.
fxe3 Nc6 9. e4 Ng4 10. Nb3 a5 11. a4 e5 12. Bd2 b6 13. h3 Nf6 14. g4 Ne8 15.
Nc1 Nd6 16. Ne2 f6 17. Ng3 Qe7 18. Be3 Be6 19. Qe2 Rad8 20. Rad1 Kh8 21. b3 Bc8
22. Rf2 Nb7 23. Rdf1 Nc5 24. Qd2 Ne6 25. Ne2 Nb4 26. Ne1 Ba6 27. Bh6 Bxh6 28.
Qxh6 Qg7 29. Qe3 Bc8 30. Ng3 Nf4 31. Ne2 Nxc2 32. Nxc2 Rxd3 33. Qc1 Nxh3+ 34.
Bxh3 Rxh3 35. Qg5 Ba6 36. Rxf6 Rxf6 37. Rxf6 Qe7 38. Ncd4 exd4 39. Nf4 Rg3+ 40.
Kh2 Rxg4 41. Qxg4 Qxf6 42. Nd5 Qf2+ 43. Kh1 Qf1+ 44. Kh2 Qe2+ 0-1

[Event "BL 9091 Heidelberg-Bayern"]
[Site "?"]
[Date "1990.??.??"]
[Round "?.5"]
[White "Bischoff, K."]
[Black "Pirrot, D."]
[Result "1-0"]
[WhiteElo "2530"]
[BlackElo "2355"]
[PlyCount "71"]
[EventDate "1990.??.??"]

1. d4 Nf6 2. Nf3 g6 3. c4 Bg7 4. Nc3 c5 5. d5 d6 6. e4 O-O 7. h3 e6 8. Bd3 exd5
9. cxd5 b5 10. Nxb5 Nxe4 11. Bxe4 Re8 12. Ng5 Qa5+ 13. Nc3 Ba6 14. Qc2 Nd7 15.
Bd2 f5 16. Ne6 fxe4 17. Nxe4 Qb5 18. Bc3 Bxc3+ 19. Nxc3 Qa5 20. O-O-O Ne5 21.
Rhe1 Rab8 22. Rxe5 dxe5 23. Ne4 Rb4 24. Nf6+ Kh8 25. b3 Reb8 26. d6 e4 27. Qb2
Rc4+ 28. Kb1 Rc3 29. d7 Bd3+ 30. Ka1 c4 31. d8=Q+ Rxd8 32. Nxd8 Rxb3 33. Qd4
Qc3+ 34. Qxc3 Rxc3 35. Ne6 Rc2 36. Rb1 1-0

[Event "BL 9091 Heidelberg-Bayern"]
[Site "?"]
[Date "1990.??.??"]
[Round "?.6"]
[White "Weber, M."]
[Black "Hertneck, G."]
[Result "0-1"]
[WhiteElo "2330"]
[BlackElo "2520"]
[PlyCount "64"]
[EventDate "1990.??.??"]

1. e4 e6 2. d4 d5 3. Nc3 Bb4 4. e5 Ne7 5. a3 Bxc3+ 6. bxc3 c5 7. Nf3 b6 8. a4
h6 9. Bb5+ Bd7 10. Be2 Nbc6 11. O-O Rc8 12. Ba3 Na5 13. Ba6 Rc7 14. Ne1 O-O 15.
Nd3 Bc8 16. Bxc8 Qxc8 17. Nf4 f6 18. exf6 Rxf6 19. Nh5 Rf7 20. Qg4 cxd4 21.
cxd4 Nf5 22. Bb4 Nb7 23. c3 a5 24. Ba3 Rxc3 25. Rfd1 Rc4 26. Nf4 Nxd4 27. g3
Nc2 28. Ra2 Rxa4 29. Rc1 Rc4 30. Rd1 Nd8 31. Bb2 Rcxf4 32. gxf4 Qc4 0-1

[Event "BL 9091 Heidelberg-Bayern"]
[Site "?"]
[Date "1990.??.??"]
[Round "?.7"]
[White "Boensch, U."]
[Black "Grathwohl, R."]
[Result "1-0"]
[WhiteElo "2510"]
[BlackElo "2320"]
[PlyCount "67"]
[EventDate "1990.??.??"]

1. d4 Nf6 2. c4 e6 3. Nf3 Bb4+ 4. Bd2 Qe7 5. g3 Nc6 6. Bg2 Bxd2+ 7. Nbxd2 d6 8.
O-O e5 9. d5 Nb8 10. e4 a5 11. Nh4 Na6 12. Qa4+ Bd7 13. Qxa5 O-O 14. Qc3 Nc5
15. b3 c6 16. dxc6 bxc6 17. Nf5 Bxf5 18. exf5 Ra6 19. Rfe1 Qa7 20. b4 Na4 21.
Qc2 Rc8 22. Nb3 Qb8 23. a3 Nb6 24. c5 Nbd5 25. cxd6 Qxd6 26. Qe2 Rca8 27. Na5
e4 28. Rac1 Rxa5 29. bxa5 Qxa3 30. Ra1 Qc5 31. a6 h5 32. Rec1 Qd4 33. Qc4 Qa7
34. Bxe4 1-0

[Event "BL 9091 Heidelberg-Bayern"]
[Site "?"]
[Date "1990.??.??"]
[Round "?.8"]
[White "Neunhoeffer, H."]
[Black "Stangl, M."]
[Result "1/2-1/2"]
[WhiteElo "2285"]
[BlackElo "2435"]
[PlyCount "99"]
[EventDate "1990.??.??"]

1. d4 Nf6 2. c4 g6 3. Nc3 Bg7 4. Nf3 O-O 5. Bg5 d6 6. e3 h6 7. Bh4 c5 8. Be2 g5
9. Bg3 Nh5 10. Qd3 g4 11. Nd2 cxd4 12. exd4 Nc6 13. Nb3 a5 14. a4 e5 15. dxe5
Nxe5 16. Qd2 Be6 17. Nd5 Bxd5 18. Qxd5 Qb6 19. Qb5 Qxb5 20. axb5 a4 21. Nd2 f5
22. f3 Nxg3 23. hxg3 gxf3 24. gxf3 f4 25. g4 Nd7 26. Ra2 Nc5 27. Rh5 Rfe8 28.
Rd5 Re3 29. Kf2 Rae8 30. Bf1 Be5 31. Ne4 Nxe4+ 32. fxe4 Bf6 33. Rxa4 Bh4+ 34.
Kg2 R8xe4 35. Ra3 Be7 36. Rxe3 Rxe3 37. Bd3 Rg3+ 38. Kh2 Rxg4 39. Be4 b6 40.
Rd2 Kf7 41. Bd5+ Kf8 42. b4 Bf6 43. c5 dxc5 44. bxc5 bxc5 45. b6 Be5 46. Bf3
Rg3 47. Rd5 Rxf3 48. Rxe5 Rb3 49. Rxc5 Rxb6 50. Rf5+ 1/2-1/2

[Event "BL 9091 Frankfurt-Nürnberg"]
[Site "?"]
[Date "1990.??.??"]
[Round "?.1"]
[White "Jansa, V."]
[Black "Khalifman, A."]
[Result "1/2-1/2"]
[WhiteElo "2455"]
[BlackElo "2615"]
[PlyCount "62"]
[EventDate "1990.??.??"]

1. e4 c5 2. Nf3 d6 3. d4 cxd4 4. Nxd4 Nf6 5. Nc3 g6 6. Bc4 Bg7 7. h3 O-O 8. O-O
a6 9. Re1 b5 10. Bb3 Bb7 11. a4 Nc6 12. Nxc6 Bxc6 13. axb5 axb5 14. Rxa8 Qxa8
15. Nd5 Bxd5 16. exd5 Qb7 17. c3 Re8 18. Be3 Nd7 19. Bd4 Ne5 20. f4 Nd7 21.
Bxg7 Kxg7 22. Qd4+ Kg8 23. h4 Qc8 24. h5 Nf6 25. hxg6 hxg6 26. Bd1 Qc4 27. Qxc4
bxc4 28. Bf3 Kf8 29. Ra1 Rb8 30. Ra4 Rxb2 31. Rxc4 Rb7 1/2-1/2

[Event "BL 9091 Frankfurt-Nürnberg"]
[Site "?"]
[Date "1990.??.??"]
[Round "?.2"]
[White "Lobron, E."]
[Black "Pribyl, J."]
[Result "1/2-1/2"]
[WhiteElo "2535"]
[BlackElo "2430"]
[PlyCount "113"]
[EventDate "1990.??.??"]

1. e4 d6 2. Nc3 c5 3. Nge2 e5 4. Nd5 Nf6 5. Nec3 Nxd5 6. Nxd5 Nc6 7. Bc4 Be6 8.
d3 a6 9. a4 Be7 10. O-O O-O 11. f4 exf4 12. Bxf4 Rb8 13. Ne3 Bf6 14. c3 Be5 15.
Qe2 Qd7 16. Bd5 Bxd5 17. Nxd5 Ne7 18. Nb6 Qe6 19. a5 Bxf4 20. Rxf4 d5 21. Re1
d4 22. cxd4 cxd4 23. Nc4 Rbd8 24. Ref1 f6 25. Qf2 Rfe8 26. Qg3 Ng6 27. Rf5 Kh8
28. h3 Ne7 29. Rh5 Qf7 30. Rc5 Qg6 31. Qf4 Nc6 32. Rf3 Re7 33. Rd5 Qe8 34. Kh2
Qg8 35. Rh5 h6 36. Rg3 Qf7 37. Rc5 Qe6 38. Rh5 Qf7 39. Qh4 Kh7 40. Rf3 Qg6 41.
Rhf5 Re6 42. Qf4 Qe8 43. Rd5 Ne7 44. Rxd8 Qxd8 45. Qg4 Qg8 46. Rg3 Kh8 47. Rf3
Nc6 48. Rf5 Ne5 49. Nxe5 Rxe5 50. Rxe5 fxe5 51. Qd7 Qf8 52. Kg1 Qc5 53. Kh2
Qxa5 54. Qxb7 Kh7 55. Qd7 Qb5 56. Qf5+ Kg8 57. Qc8+ 1/2-1/2

[Event "BL 9091 Frankfurt-Nürnberg"]
[Site "?"]
[Date "1990.??.??"]
[Round "?.3"]
[White "Seibold, H."]
[Black "Gutman, L."]
[Result "0-1"]
[WhiteElo "2210"]
[BlackElo "2450"]
[PlyCount "84"]
[EventDate "1990.??.??"]

1. e4 g6 2. d4 Bg7 3. Nc3 c6 4. Nf3 Nf6 5. Bd3 O-O 6. e5 Nd5 7. Nxd5 cxd5 8.
Bf4 Nc6 9. c3 f6 10. Qd2 fxe5 11. Nxe5 d6 12. Nxc6 bxc6 13. Bh6 e5 14. Bxg7
Kxg7 15. dxe5 dxe5 16. O-O a5 17. Qe3 Qd6 18. f3 d4 19. cxd4 exd4 20. Qd2 Be6
21. Rfc1 c5 22. Bc4 Bxc4 23. Rxc4 Rfe8 24. Rac1 Re5 25. b3 Rh5 26. g4 Re5 27.
f4 Re3 28. Rxc5 Qxf4 29. Qg2 Rae8 30. Rc7+ Kh8 31. Rc8 Rxc8 32. Rxc8+ Kg7 33.
Rc1 Rxb3 34. Rf1 Qe3+ 35. Kh1 Rb8 36. Qd5 Kh6 37. Qf3 Qxf3+ 38. Rxf3 Kg5 39. h3
Rd8 40. Kg2 d3 41. Kg3 d2 42. Rf7 Rd3+ 0-1

[Event "BL 9091 Heidelberg-Bamberg"]
[Site "?"]
[Date "1990.??.??"]
[Round "?.1"]
[White "Unzicker, W."]
[Black "Steinbacher, M."]
[Result "1/2-1/2"]
[WhiteElo "2480"]
[BlackElo "2370"]
[PlyCount "110"]
[EventDate "1990.??.??"]

1. e4 Nf6 2. e5 Nd5 3. d4 d6 4. Nf3 g6 5. Bc4 c6 6. exd6 Qxd6 7. O-O Bg7 8.
Nbd2 Bf5 9. Re1 O-O 10. Ne4 Bxe4 11. Rxe4 Nd7 12. Qe1 e6 13. Bg5 a5 14. c3 b5
15. Bf1 a4 16. a3 Rfe8 17. Qd2 f5 18. Ree1 e5 19. dxe5 Nxe5 20. Nxe5 Rxe5 21.
Rxe5 Bxe5 22. g3 Ra7 23. Re1 Rf7 24. c4 bxc4 25. Bxc4 f4 26. Bh6 fxg3 27. hxg3
Bg7 28. Re8+ Rf8 29. Rxf8+ Bxf8 30. Bxf8 Kxf8 31. Qd4 Qf6 32. Qc5+ Ne7 33. Qb4
Qd4 34. Qxa4 Qxb2 35. Qb3 Qc1+ 36. Kg2 Qe1 37. Qf3+ Ke8 38. a4 Qb4 39. Qb3 Qxb3
40. Bxb3 c5 41. Kf3 Kd7 42. Ke4 Kc6 43. Ke5 Nf5 44. Bg8 h5 45. Bd5+ Kb6 46. Be4
h4 47. gxh4 Nxh4 48. Kf6 c4 49. Kg5 Nf5 50. Kxg6 Nd4 51. f4 c3 52. f5 c2 53.
Bxc2 Nxc2 54. f6 Nd4 55. Kf7 Nf3 1/2-1/2

[Event "BL 9091 Heidelberg-Bamberg"]
[Site "?"]
[Date "1990.??.??"]
[Round "?.2"]
[White "Neurohr, S."]
[Black "Meister, P."]
[Result "0-1"]
[WhiteElo "2350"]
[BlackElo "2445"]
[PlyCount "68"]
[EventDate "1990.??.??"]

1. d4 e6 2. c4 f5 3. Nf3 Nf6 4. g3 c6 5. Bg2 d5 6. Qc2 Bd6 7. Bf4 Bxf4 8. gxf4
O-O 9. Nbd2 Ne4 10. e3 Qe7 11. Ne5 Nd7 12. Nxd7 Bxd7 13. Bxe4 fxe4 14. O-O-O c5
15. dxc5 Rac8 16. Nb3 a5 17. cxd5 a4 18. d6 Qh4 19. Nd4 Qh5 20. Qxe4 Qxc5+ 21.
Kb1 a3 22. Nb3 Qh5 23. Rc1 Qe2 24. bxa3 Bc6 25. Qxe6+ Kh8 26. Rhd1 Rce8 27. Qc4
Qxf2 28. d7 Rd8 29. Nc5 Rg8 30. Qc3 Qf3 31. Rd6 Qg4 32. Rcd1 b6 33. Rxc6 Qxd1+
34. Kb2 bxc5 0-1

[Event "BL 9091 Heidelberg-Bamberg"]
[Site "?"]
[Date "1990.??.??"]
[Round "?.3"]
[White "Womacka, M."]
[Black "Ostl, A."]
[Result "1/2-1/2"]
[WhiteElo "2415"]
[BlackElo "2325"]
[PlyCount "97"]
[EventDate "1990.??.??"]

1. e4 g6 2. d4 Bg7 3. Nc3 d6 4. Nf3 Bg4 5. Be2 c6 6. h3 Bxf3 7. Bxf3 e6 8. O-O
d5 9. Be3 Ne7 10. Ne2 Nd7 11. c3 O-O 12. Re1 dxe4 13. Bxe4 Nd5 14. Bd2 N5f6 15.
Bc2 e5 16. Bg5 Qb6 17. Bb3 Rad8 18. Qc2 exd4 19. Nxd4 Kh8 20. Rad1 c5 21. Nf3
Qc6 22. Bc4 b5 23. Bf1 a6 24. Qd3 h6 25. Bh4 Qc8 26. Qc2 Nb6 27. Rxd8 Qxd8 28.
Rd1 Qc7 29. Bg3 Qb7 30. Ne5 Re8 31. Ng4 Ne4 32. Re1 Qa8 33. Bf4 g5 34. Bc1 c4
35. g3 Nd7 36. Bg2 Ndc5 37. Re2 Nd3 38. Kh2 f5 39. Ne3 Qc8 40. Nf1 Nec5 41.
Rxe8+ Qxe8 42. Be3 Na4 43. Bd4 Naxb2 44. Ne3 Bxd4 45. cxd4 Qd7 46. d5 f4 47.
Qc3+ Qg7 48. Qa5 fxe3 49. Qd8+ 1/2-1/2

[Event "BL 9091 Heidelberg-Bamberg"]
[Site "?"]
[Date "1990.??.??"]
[Round "?.4"]
[White "Mack, P."]
[Black "Ramos, D."]
[Result "0-1"]
[WhiteElo "2300"]
[BlackElo "2330"]
[PlyCount "80"]
[EventDate "1990.??.??"]

1. Nf3 Nf6 2. g3 d5 3. Bg2 Bf5 4. O-O Nbd7 5. d3 e6 6. Nbd2 Bc5 7. Qe1 O-O 8.
e4 Bg6 9. e5 Ne8 10. Nb3 Be7 11. Bf4 c5 12. Qe2 Bh5 13. h3 g5 14. Bd2 Ng7 15.
g4 Bg6 16. h4 h6 17. Rad1 Nb6 18. Bc1 Rc8 19. hxg5 hxg5 20. Qd2 c4 21. Nbd4
cxd3 22. cxd3 Na4 23. Nb3 Nc5 24. Nxc5 Rxc5 25. Nxg5 Rxc1 26. Rxc1 Bxg5 27. f4
Be7 28. d4 Qb6 29. a3 f5 30. exf6 Bxf6 31. Rc5 Be7 32. Rc3 Be4 33. Bh3 Bd6 34.
f5 e5 35. Bg2 exd4 36. Rh3 d3+ 37. Kh1 Qd4 38. Qh6 Bxg2+ 39. Kxg2 Qxg4+ 40. Kh1
Rxf5 0-1

[Event "BL 9091 Heidelberg-Bamberg"]
[Site "?"]
[Date "1990.??.??"]
[Round "?.5"]
[White "Schoeneberg, M."]
[Black "Pirrot, D."]
[Result "1-0"]
[WhiteElo "2295"]
[BlackElo "2355"]
[PlyCount "47"]
[EventDate "1990.??.??"]

1. e4 e5 2. Nf3 Nc6 3. Bb5 a6 4. Ba4 Nf6 5. O-O Be7 6. Re1 b5 7. Bb3 O-O 8. c3
d5 9. d4 exd4 10. e5 Ne4 11. cxd4 Bg4 12. Nc3 Bxf3 13. gxf3 Nxf2 14. Kxf2 Bh4+
15. Kg2 Bxe1 16. Qxe1 Nxd4 17. Bxd5 b4 18. Bxa8 Nc2 19. Qg3 bxc3 20. Bh6 g6 21.
Rb1 Qxa8 22. Qf4 Qa7 23. bxc3 Qc5 24. Rc1 1-0

[Event "BL 9091 Heidelberg-Bamberg"]
[Site "?"]
[Date "1990.??.??"]
[Round "?.6"]
[White "Weber, M."]
[Black "Bezold, M."]
[Result "0-1"]
[WhiteElo "2330"]
[BlackElo "2335"]
[PlyCount "102"]
[EventDate "1990.??.??"]

1. e4 d6 2. d4 Nf6 3. Nc3 c6 4. a4 Qa5 5. Bd3 e5 6. Nge2 Be7 7. Bd2 Qc7 8. O-O
O-O 9. Kh1 Bg4 10. h3 Bxe2 11. Nxe2 Nbd7 12. c3 d5 13. exd5 e4 14. d6 Bxd6 15.
Bc2 Rfe8 16. b4 Nf8 17. c4 Ng6 18. c5 Bf4 19. Nxf4 Nxf4 20. Qc1 Ne2 21. Qb2
Rad8 22. Be3 Nd5 23. Rfe1 Nxe3 24. Rxe2 Nxc2 25. Rxc2 Qd7 26. Rd1 Qd5 27. Qa2
Qh5 28. Rcd2 Rd5 29. Re1 f5 30. Qb1 Qg5 31. Qc2 Red8 32. Red1 Qf6 33. b5 h6 34.
bxc6 bxc6 35. Qb3 Kh7 36. Qe3 Re8 37. f4 Rb8 38. Qc3 Qd8 39. Re1 a5 40. Qe3 Rb4
41. Red1 Qb8 42. Rf1 Rb3 43. Qe2 Qb4 44. Rfd1 Qxa4 45. Kh2 Qb4 46. Qa6 Qb5 47.
Qa8 a4 48. Ra2 Rd3 49. Rxd3 exd3 50. Rxa4 d2 51. Ra1 Qd3 0-1

[Event "BL 9091 Heidelberg-Bamberg"]
[Site "?"]
[Date "1990.??.??"]
[Round "?.7"]
[White "Hennings, A."]
[Black "Cicak, S."]
[Result "1/2-1/2"]
[WhiteElo "2340"]
[BlackElo "2325"]
[PlyCount "106"]
[EventDate "1990.??.??"]

1. e4 c5 2. Nc3 Nc6 3. Bb5 d6 4. Nge2 Bd7 5. O-O Nf6 6. d3 e6 7. Bd2 Be7 8. a4
O-O 9. Ng3 d5 10. Re1 a6 11. Bxc6 Bxc6 12. a5 Qc7 13. exd5 Nxd5 14. Nxd5 exd5
15. Qg4 g6 16. Bf4 Bd6 17. Bxd6 Qxd6 18. Nh5 Kh8 19. Qf4 Qxf4 20. Nxf4 Rfe8 21.
h4 Kg7 22. f3 h6 23. Kf2 Kf6 24. Rad1 d4 25. b3 Re5 26. Rxe5 Kxe5 27. g3 Re8
28. Re1+ Kd6 29. Rxe8 Bxe8 30. g4 f6 31. Ne2 g5 32. hxg5 hxg5 33. Ng3 Bg6 34.
Ke2 Kc6 35. Ne4 Bxe4 36. dxe4 Kd6 37. Kd3 Ke5 38. Ke2 Kf4 39. Kf2 Ke5 40. Kg3
Kd6 41. f4 gxf4+ 42. Kxf4 Ke6 43. e5 fxe5+ 44. Ke4 Kf6 45. Kd5 Kg5 46. Kxe5
Kxg4 47. Ke4 Kg3 48. Kd5 Kf4 49. Kxc5 Ke3 50. b4 Kd2 51. Kxd4 Kxc2 52. Kc4 Kb2
53. b5 axb5+ 1/2-1/2